E-learning for geographers : online materials, resources, and repositories (Record no. 157977)

MARC details
000 -LEADER
fixed length control field 00769nam a2200229Ia 4500
008 - FIXED-LENGTH DATA ELEMENTS--GENERAL INFORMATION
fixed length control field 191130s2009##################000#0#eng##
020 ## - INTERNATIONAL STANDARD BOOK NUMBER
ISBN 9781599049809
082 ## - DEWEY DECIMAL CLASSIFICATION NUMBER
Classification number 910.784678 REE
100 ## - MAIN ENTRY--AUTHOR NAME
Personal name Rees, P. H
245 ## - TITLE STATEMENT
Title E-learning for geographers : online materials, resources, and repositories
Statement of responsibility, etc Philip Rees ... [et al.]
260 ## - PUBLICATION, DISTRIBUTION, ETC. (IMPRINT)
Place of publication Hershey, PA
Name of publisher Information Science Reference
Year of publication c2009
300 ## - PHYSICAL DESCRIPTION
Number of Pages xxx, 331 p. : ill. ; 29 cm
650 ## - SUBJECT ADDED ENTRY--TOPICAL TERM
Topical Term Distance education
Topical Term Geography - Computer-assisted instruction
Topical Term Geography - Study and teaching - Audio-visual aids
Topical Term Internet in education
991 ## -
-- 106101
Holdings
Withdrawn status Lost status Damaged status Not for loan Home library Current library Shelving location Date acquired Full call number Accession Number Price effective from Koha item type
        Anna Centenary Library Anna Centenary Library 7TH FLOOR, B WING 12.10.2020 910.784678 REE 461225 12.10.2020 English Books

Find us on the map